Intra-EU direct investment and enlargement
Determinanty umiestňovania investícií do nových členských štátov (NMS) v období 1993-2013. Stredná Európa, Balkán a Pobaltie. Determinanty: veľkosť ekonomiky, vzdialenosť, inštitucionálna kvalita a členský vzťah k EÚ.
Enregistré dans:
| Auteur principal: | |
|---|---|
| Format: | Chapitre de livre |
| Langue: | anglais |
| Sujets: | |
| Tags: |
Pas de tags, Soyez le premier à ajouter un tag!
|
MARC
| LEADER | 00000naa a2200000 4500 | ||
|---|---|---|---|
| 001 | 0200641 | ||
| 005 | 20231129092231.7 | ||
| 041 | 0 | |a eng | |
| 044 | |a CZ | ||
| 245 | 1 | 0 | |a Intra-EU direct investment and enlargement |c Andrea Festa |
| 520 | |a Determinanty umiestňovania investícií do nových členských štátov (NMS) v období 1993-2013. Stredná Európa, Balkán a Pobaltie. Determinanty: veľkosť ekonomiky, vzdialenosť, inštitucionálna kvalita a členský vzťah k EÚ. | ||
| 610 | 2 | 0 | |a investície finančné |
| 610 | 2 | 0 | |a Európska únia |
| 610 | 2 | 0 | |a integrácia ekonomická medzinárodná |
| 610 | 2 | 0 | |a stredná Európa |
| 610 | 2 | 0 | |a inštitúcia |
| 100 | 1 | |a Festa, Andrea | |